[Event "Bezirksliga Oberbayern 1819"]
[Site "Bayern"]
[Date "2019.04.07"]
[Round "9.4"]
[White "Marian, Marc"]
[Black "Semmler, Dominik"]
[Result "1/2-1/2"]
[WhiteElo "1933"]
[BlackElo "1959"]
[PlyCount "69"]
[EventDate "2018.10.21"]
[EventType "team-tourn"]
[EventRounds "9"]
[EventCountry "GER"]
[SourceTitle "EXT 2022"]
[Source "ChessBase"]
[SourceDate "2021.10.06"]
[SourceVersion "1"]
[SourceVersionDate "2021.10.06"]
[SourceQuality "1"]
[WhiteTeam "Germering"]
[BlackTeam "Moosburg SC"]
[WhiteTeamCountry "GER"]
[BlackTeamCountry "GER"]

1. e4 e5 2. Nf3 Nc6 3. Bc4 Bc5 4. c3 Nf6 5. d3 d6 6. Bb3 h6 7. h3 0-0 8. 0-0 a5 9. Nbd2 Be6 10. Bc2 b5 11. Re1 d5 12. exd5 Nxd5 13. Ne4 Be7 14. Ng3 Bd6 15. d4 exd4 16. Nxd4 Nxd4 17. Qxd4 Nf6 18. Nf5 Bxf5 19. Bxf5 Re8 20. Bf4 Bxf4 21. Qxf4 Qd5 22. Red1 Qe5 23. Qxe5 Rxe5 24. Bd3 a4 25. Re1 Rae8 26. Kf1 Ne4 27. Bxe4 Rxe4 28. Rxe4 Rxe4 29. Re1 Rxe1+ 30. Kxe1 Kf8 31. Kd2 Ke7 32. Kd3 c5 33. c4 b4 34. Ke4 Ke6 35. f4 1/2-1/2

[Event "Regionalliga SO 1516"]
[Site "Bayern"]
[Date "2015.11.15"]
[Round "3.8"]
[White "Marian, Marc"]
[Black "Berisha, Regjep"]
[Result "0-1"]
[WhiteElo "1875"]
[BlackElo "1931"]
[PlyCount "50"]
[EventDate "2015.10.11"]
[EventType "team-tourn"]
[EventRounds "9"]
[EventCountry "GER"]
[SourceTitle "EXT 2018"]
[Source "ChessBase"]
[SourceDate "2017.10.13"]
[SourceVersion "1"]
[SourceVersionDate "2017.10.13"]
[SourceQuality "1"]
[WhiteTeam "Germering"]
[BlackTeam "Roehrnbach"]
[WhiteTeamCountry "GER"]
[BlackTeamCountry "GER"]

1. e4 c5 2. Nf3 Nc6 3. d4 cxd4 4. Nxd4 d6 5. Bc4 g6 6. Nc3 Bg7 7. Be3 Bd7 8. Bb3 Nf6 9. f3 Ne5 10. Qd2 Rc8 11. 0-0-0 Qa5 12. Kb1 0-0 13. Bg5 Qd8 14. Nde2 b5 15. Nd5 Nxd5 16. Bxd5 Nc4 17. Bxc4 Rxc4 18. Rc1 Be6 19. Nf4 Qd7 20. c3 Rfc8 21. Rhe1 a5 22. Nd5 Bxd5 23. exd5 b4 24. cxb4 Qf5+ 25. Ka1 Rc2 0-1

[Event "Bad Woerishofen op 18th"]
[Site "Bad Woerishofen"]
[Date "2002.??.??"]
[Round "2"]
[White "Hermann, Manfred"]
[Black "Marian, Marc"]
[Result "1/2-1/2"]
[WhiteElo "2340"]
[BlackElo "2137"]
[PlyCount "74"]
[EventDate "2002.03.??"]
[EventType "swiss"]
[EventRounds "9"]
[EventCountry "GER"]
[SourceTitle "EXT 2003"]
[Source "ChessBase"]
[SourceDate "2002.11.25"]
[SourceVersion "1"]
[SourceVersionDate "2002.11.25"]
[SourceQuality "1"]

1. e4 c5 2. c3 e6 3. d4 d5 4. exd5 Qxd5 5. Nf3 Nf6 6. Bd3 Be7 7. 0-0 Nc6 8. c4 Qd8 9. dxc5 Bxc5 10. a3 0-0 11. b4 Be7 12. Bb2 b6 13. Qe2 Bb7 14. Nbd2 a5 15. b5 Nb8 16. Rfd1 Nbd7 17. Nb3 Qe8 18. a4 Rc8 19. Rac1 Bb4 20. Ne5 Nxe5 21. Bxe5 Qe7 22. c5 Bd5 23. Bd6 Qd8 24. Bxf8 Qxf8 25. Bc4 bxc5 26. Nd2 Nd7 27. Bd3 Nb6 28. Bc2 Qe7 29. Qh5 h6 30. Nf1 Qg5 31. Qxg5 hxg5 32. Ne3 Kf8 33. f3 Ke7 34. Kf2 Rh8 35. h3 c4 36. Ke2 Kd6 37. Bb1 Kc5 1/2-1/2

[Event "Bad Woerishofen op 18th"]
[Site "Bad Woerishofen"]
[Date "2002.??.??"]
[Round "8"]
[White "Schaefer, Michael"]
[Black "Marian, Marc"]
[Result "1-0"]
[WhiteElo "2245"]
[BlackElo "2135"]
[PlyCount "43"]
[EventDate "2002.03.??"]
[EventType "swiss"]
[EventRounds "9"]
[EventCountry "GER"]
[SourceTitle "EXT 2003"]
[Source "ChessBase"]
[SourceDate "2002.11.25"]
[SourceVersion "1"]
[SourceVersionDate "2002.11.25"]
[SourceQuality "1"]

1. d4 Nf6 2. c4 e6 3. Nc3 Bb4 4. g3 0-0 5. Bg2 d5 6. Nf3 c5 7. dxc5 dxc4 8. Qa4 Na6 9. Qb5 Nd5 10. Qxc4 Qc7 11. 0-0 Nxc3 12. bxc3 Bxc5 13. Qe4 f6 14. Nd4 f5 15. Qb1 Qe7 16. e4 Bb6 17. a4 Nc5 18. a5 Bc7 19. exf5 exf5 20. Ba3 Rb8 21. Re1 Qd6 22. Nb5 1-0

[Event "Regionalliga SO 0102"]
[Site "Bayern"]
[Date "2001.10.07"]
[Round "1.7"]
[White "Marian, Marc"]
[Black "Flassak, Bernhard"]
[Result "0-1"]
[WhiteElo "2030"]
[BlackElo "2030"]
[PlyCount "124"]
[EventDate "2001.10.07"]
[EventType "team"]
[EventRounds "9"]
[EventCountry "GER"]
[SourceTitle "EXT 2003"]
[Source "ChessBase"]
[SourceDate "2002.11.25"]
[SourceVersion "1"]
[SourceVersionDate "2002.11.25"]
[SourceQuality "1"]
[WhiteTeam "Unterpfaffenhofen"]
[BlackTeam "Freising"]
[WhiteTeamCountry "GER"]
[BlackTeamCountry "GER"]

1. e4 c5 2. Nf3 e6 3. d4 cxd4 4. Nxd4 a6 5. Bd3 Nf6 6. 0-0 d6 7. c4 Be7 8. b3 0-0 9. Bb2 Nbd7 10. Nc3 Ne5 11. Bc2 Bd7 12. Qe2 Qb6 13. Rad1 Rac8 14. Ba1 Nc6 15. Nf3 Qa5 16. Bb1 Rfd8 17. Rc1 Qh5 18. Rfd1 Be8 19. h3 Qh6 20. Bb2 Qh5 21. Rd2 Qa5 22. a3 Nd7 23. b4 Qh5 24. Ba2 Nde5 25. Nd4 Qxe2 26. Ndxe2 Na7 27. Nd1 Nac6 28. Ne3 Nd7 29. Bb3 Nf6 30. f3 a5 31. b5 Nb8 32. Bc3 b6 33. Rcd1 Nbd7 34. a4 Nc5 35. Bc2 Nfd7 36. f4 Nf6 37. Ng3 h5 38. e5 dxe5 39. fxe5 Nfd7 40. Kf2 g6 41. Ne2 Bg5 42. Kf3 Rc7 43. Nf4 Rdc8 44. g3 Bh6 45. Re1 Kf8 46. h4 Bg7 47. Nd1 Nxa4 48. Bxa4 Rxc4 49. Bb2 Rxa4 50. Rd6 Rb4 51. Ba3 Rb3+ 52. Rd3+ Rb4 53. Rb3 Nxe5+ 54. Kg2 Bxb5 55. Bxb4+ axb4 56. Rxb4 Bc6+ 57. Kh3 b5 58. Ne3 Ng4 59. Nxg4 hxg4+ 60. Kxg4 Bc3 61. Reb1 Bxb4 62. Rxb4 Ra8 0-1

[Event "Regionalliga SO 0001"]
[Site "Bayern"]
[Date "2001.03.11"]
[Round "7"]
[White "Loderbauer, Gerhard"]
[Black "Marian, Marc"]
[Result "0-1"]
[WhiteElo "1875"]
[BlackElo "2045"]
[PlyCount "82"]
[EventDate "2000.10.15"]
[EventType "team-tourn"]
[EventRounds "9"]
[EventCountry "GER"]
[SourceTitle "EXT 2020"]
[Source "ChessBase"]
[SourceDate "2019.10.17"]
[SourceVersion "1"]
[SourceVersionDate "2019.10.17"]
[SourceQuality "1"]
[WhiteTeam "Passau II"]
[BlackTeam "Unterpfaff Germering"]
[WhiteTeamCountry "GER"]
[BlackTeamCountry "GER"]

1. d4 Nf6 2. c4 e6 3. Nc3 Bb4 4. Qc2 c5 5. dxc5 Na6 6. Nf3 Nxc5 7. g3 Nce4 8. Bg2 Qc7 9. Qb3 Bxc3+ 10. bxc3 b6 11. Bf4 d6 12. 0-0 e5 13. Bg5 Bb7 14. Rfd1 0-0 15. Bxf6 Nxf6 16. Nd2 Bxg2 17. Kxg2 Rfd8 18. e4 Rac8 19. a4 Nd7 20. Rdb1 Nc5 21. Qc2 Nb7 22. Rb4 Na5 23. Qd3 Qc6 24. f3 Rc7 25. Rd1 Kf8 26. Qe3 f6 27. g4 Qd7 28. h4 Rdc8 29. Qd3 Ke7 30. g5 Qe6 31. gxf6+ Qxf6 32. Nf1 Rf8 33. Ng3 g6 34. h5 Nb7 35. hxg6 hxg6 36. Rh1 Kd8 37. Rh3 Nc5 38. Qd5 Qxf3+ 39. Kg1 Qf2+ 40. Kh1 Qe1+ 41. Kg2 Rf2# 0-1

[Event "Regionalliga SO 0001"]
[Site "Bayern"]
[Date "2001.02.18"]
[Round "6.6"]
[White "Marian, Marc"]
[Black "Absmaier, Friedrich"]
[Result "0-1"]
[WhiteElo "2045"]
[BlackElo "2125"]
[PlyCount "84"]
[EventDate "2000.10.15"]
[EventType "team-tourn"]
[EventRounds "9"]
[EventCountry "GER"]
[SourceTitle "EXT 2020"]
[Source "ChessBase"]
[SourceDate "2019.10.17"]
[SourceVersion "1"]
[SourceVersionDate "2019.10.17"]
[SourceQuality "1"]
[WhiteTeam "Unterpfaff Germering"]
[BlackTeam "Starnberg SC"]
[WhiteTeamCountry "GER"]
[BlackTeamCountry "GER"]

1. c4 Nf6 2. Nc3 c6 3. d4 d5 4. cxd5 cxd5 5. Nf3 Nc6 6. Qb3 Na5 7. Qc2 Bd7 8. b4 Nc4 9. Nxd5 Nxd5 10. Qxc4 e6 11. Bd2 Bd6 12. e4 Nb6 13. Qb3 Ba4 14. Qb2 Rc8 15. Rc1 0-0 16. Bd3 Rxc1+ 17. Qxc1 Qd7 18. 0-0 Rc8 19. Qb1 Nc4 20. e5 Nxd2 21. Bxh7+ Kh8 22. Nxd2 Bxe5 23. Nf3 Bxd4 24. Be4 Bf6 25. h3 b6 26. Rc1 Rxc1+ 27. Qxc1 Qd1+ 28. Qxd1 Bxd1 29. Kf1 Bc3 30. b5 Kg8 31. Bd3 Kf8 32. Be2 Bc2 33. Ne1 Bb1 34. a4 Ke7 35. Bd3 Ba2 36. Ke2 Kd6 37. Nc2 Kc5 38. Be4 Bb3 39. Kd3 Bb2 40. Kd2 Bxa4 41. Ne1 Bxb5 42. Nd3+ Kd4 0-1

[Event "Regionalliga SO 0001"]
[Site "Bayern"]
[Date "2001.01.28"]
[Round "5.7"]
[White "Wagner, Hermann"]
[Black "Marian, Marc"]
[Result "1/2-1/2"]
[WhiteElo "2376"]
[BlackElo "2040"]
[PlyCount "64"]
[EventDate "2000.10.15"]
[EventType "team-tourn"]
[EventRounds "9"]
[EventCountry "GER"]
[SourceTitle "EXT 2020"]
[Source "ChessBase"]
[SourceDate "2019.10.17"]
[SourceVersion "1"]
[SourceVersionDate "2019.10.17"]
[SourceQuality "1"]
[WhiteTeam "Landshut"]
[BlackTeam "Unterpfaff Germering"]
[WhiteTeamCountry "GER"]
[BlackTeamCountry "GER"]

1. e4 c5 2. c3 e6 3. d4 d5 4. e5 Qb6 5. Nf3 Bd7 6. a3 Bb5 7. b4 cxd4 8. Bxb5+ Qxb5 9. Nxd4 Qd7 10. 0-0 Ne7 11. f4 Nbc6 12. Bb2 Nxd4 13. cxd4 Nf5 14. Qd3 h5 15. Nd2 Be7 16. Rac1 0-0 17. h3 h4 18. Rc2 Rfc8 19. Rfc1 Rxc2 20. Rxc2 Rc8 21. Rxc8+ Qxc8 22. Qc3 Qxc3 23. Bxc3 g5 24. fxg5 Bxg5 25. Nf3 Be3+ 26. Kf1 b5 27. Ke2 Bc1 28. Kd1 Bf4 29. Bd2 Be3 30. Bc3 Bf4 31. Bd2 Be3 32. Bc3 Bf4 1/2-1/2

[Event "Regionalliga SO 0001"]
[Site "Bayern"]
[Date "2000.12.10"]
[Round "3.7"]
[White "Steinberg, Sven"]
[Black "Marian, Marc"]
[Result "1/2-1/2"]
[WhiteElo "1930"]
[BlackElo "2045"]
[PlyCount "42"]
[EventDate "2000.10.15"]
[EventType "team-tourn"]
[EventRounds "9"]
[EventCountry "GER"]
[SourceTitle "EXT 2020"]
[Source "ChessBase"]
[SourceDate "2019.10.17"]
[SourceVersion "1"]
[SourceVersionDate "2019.10.17"]
[SourceQuality "1"]
[WhiteTeam "Trostberg TSV"]
[BlackTeam "Unterpfaff Germering"]
[WhiteTeamCountry "GER"]
[BlackTeamCountry "GER"]

1. e4 c5 2. c3 d5 3. exd5 Qxd5 4. d4 Nf6 5. Nf3 Bg4 6. Be2 cxd4 7. cxd4 e6 8. Nc3 Qd6 9. 0-0 Nc6 10. h3 Bh5 11. Qb3 Qb4 12. Rd1 Rd8 13. g4 Bg6 14. Bb5 a6 15. Bxc6+ bxc6 16. Ne5 Rc8 17. Bd2 Be7 18. Ne2 Qb5 19. Nc3 Qb4 20. Ne2 Qb5 21. Nc3 Qb4 1/2-1/2

[Event "Regionalliga SO 9900"]
[Site "Bayern"]
[Date "1999.??.??"]
[Round "2.7"]
[White "Marian, Marc"]
[Black "Knollhuber, Peter"]
[Result "1-0"]
[WhiteElo "2020"]
[BlackElo "1750"]
[PlyCount "117"]
[EventDate "1999.??.??"]
[EventType "team-tourn"]
[EventRounds "9"]
[EventCountry "GER"]
[SourceTitle "EXT 2020"]
[Source "ChessBase"]
[SourceDate "2019.10.17"]
[SourceVersion "1"]
[SourceVersionDate "2019.10.17"]
[SourceQuality "1"]
[WhiteTeam "Unterpfaff Germering"]
[BlackTeam "Dorfen PSV"]
[WhiteTeamCountry "GER"]
[BlackTeamCountry "GER"]

1. e4 c5 2. Nf3 Nc6 3. d4 cxd4 4. Nxd4 Nf6 5. Nc3 e5 6. Ndb5 d6 7. Bg5 a6 8. Na3 b5 9. Nd5 Be7 10. Bxf6 Bxf6 11. c3 Bg5 12. Nc2 0-0 13. a4 bxa4 14. Rxa4 a5 15. b4 Rb8 16. b5 Ne7 17. Nxe7+ Bxe7 18. Ne3 Be6 19. Be2 Qc7 20. c4 Bg5 21. Nd5 Bxd5 22. Qxd5 g6 23. 0-0 Kg7 24. Rfa1 Bd8 25. Rd1 Be7 26. Qd2 Ra8 27. Rb1 Qb6 28. Bf3 Rfc8 29. Rd1 Rc7 30. h4 Rc5 31. h5 Qc7 32. Be2 Qb6 33. hxg6 hxg6 34. g3 Rcc8 35. Kg2 Rh8 36. Rda1 Bd8 37. Qd5 Ra7 38. R4a3 Bc7 39. Bg4 Qd4 40. Qxd4 exd4 41. e5 Rb7 42. Bf3 Rbb8 43. exd6 Bxd6 44. Rd3 Bb4 45. Rxd4 Rhe8 46. Rd7 Rb6 47. Ra2 Kf6 48. Rc7 Re7 49. Rc6+ Rxc6 50. Bxc6 Re6 51. Rc2 Bc5 52. Ra2 Bb4 53. Bd5 Rd6 54. f4 Kg7 55. Kf3 f5 56. Ke2 Kf6 57. Kd3 Ke7 58. Kd4 Be1 59. Re2+ 1-0

[Event "Regionalliga SO 9697"]
[Site "Bayern"]
[Date "1997.05.04"]
[Round "9"]
[White "Marian, Marc"]
[Black "Schweiger, Georg"]
[Result "1/2-1/2"]
[WhiteElo "2070"]
[BlackElo "2070"]
[PlyCount "24"]
[EventDate "1996.10.13"]
[EventType "team-tourn"]
[EventRounds "9"]
[EventCountry "GER"]
[SourceTitle "EXT 1999"]
[Source "ChessBase"]
[SourceDate "1998.11.16"]
[SourceVersion "1"]
[SourceVersionDate "1998.11.16"]
[SourceQuality "1"]
[WhiteTeam "Unterpfaff Germering"]
[BlackTeam "Ebersberg Grafing"]
[WhiteTeamCountry "GER"]
[BlackTeamCountry "GER"]

1. d4 d5 2. c4 Nc6 3. Nc3 dxc4 4. d5 Ne5 5. Qd4 Ng6 6. Qxc4 a6 7. e4 e5 8. Qa4+ Bd7 9. Qb3 Qc8 10. Nf3 Bd6 11. Be3 Nf6 12. Nd2 Ng4 1/2-1/2

[Event "Regionalliga SO 9697"]
[Site "Bayern"]
[Date "1997.02.02"]
[Round "5"]
[White "Bielmeier, Ludwig"]
[Black "Marian, Marc"]
[Result "1/2-1/2"]
[WhiteElo "2075"]
[BlackElo "2075"]
[PlyCount "131"]
[EventDate "1996.10.13"]
[EventType "team-tourn"]
[EventRounds "9"]
[EventCountry "GER"]
[SourceTitle "EXT 1999"]
[Source "ChessBase"]
[SourceDate "1998.11.16"]
[SourceVersion "1"]
[SourceVersionDate "1998.11.16"]
[SourceQuality "1"]
[WhiteTeam "Deggendorf"]
[BlackTeam "Unterpfaff Germering"]
[WhiteTeamCountry "GER"]
[BlackTeamCountry "GER"]

1. d4 c5 2. d5 d6 3. c4 e5 4. e4 Be7 5. Nf3 Bg4 6. Be2 Bxf3 7. Bxf3 Bg5 8. Nc3 Bxc1 9. Qxc1 Ne7 10. Qg5 0-0 11. h4 f6 12. Qd2 a6 13. a4 Nd7 14. Bg4 f5 15. Bh3 Rb8 16. Ra3 Nb6 17. b3 f4 18. Bg4 Na8 19. Ra1 Nc7 20. Qd3 b6 21. Rb1 a5 22. Qh3 Kh8 23. Kd2 Ng8 24. h5 Qg5 25. Bf3 Nh6 26. Kc2 Qe7 27. Rbd1 Nf7 28. Rd3 Rbe8 29. Bg4 Ng5 30. Qh4 h6 31. f3 Rf6 32. Rd2 Rff8 33. Re2 Nh7 34. Qf2 Qg5 35. Bf5 Qf6 36. Rh4 Ng5 37. Rg4 Re7 38. Re1 Rd8 39. Qh4 Rf8 40. Rh1 Ref7 41. Ne2 Re7 42. Ng1 Ne8 43. Qe1 Rc7 44. Qc3 Qe7 45. Bg6 Nf6 46. Rgh4 Nfh7 47. Qe1 Rf6 48. Bxh7 Kxh7 49. Rg4 Rc8 50. Nh3 Nxh3 51. gxh3 Rcf8 52. Rhg1 R8f7 53. Qh4 Kh8 54. Kd2 Qf8 55. Rg6 Rxg6 56. Rxg6 Rf6 57. Qg4 Kh7 58. Qg1 Qf7 59. Rg4 Kh8 60. Ke2 Kh7 61. Kf2 g6 62. hxg6+ Rxg6 63. h4 h5 64. Rg5 Kh6 65. Qg2 Qg7 66. Rxg6+ 1/2-1/2

[Event "Augsburg Afro op"]
[Site "Augsburg"]
[Date "1997.??.??"]
[Round "1"]
[White "Marian, Marc"]
[Black "Gaehler, Friedhart"]
[Result "1-0"]
[WhiteElo "2065"]
[BlackElo "1670"]
[PlyCount "83"]
[EventDate "1997.??.??"]
[EventType "swiss"]
[EventRounds "7"]
[EventCountry "GER"]
[SourceTitle "EXT 2006"]
[Source "ChessBase"]
[SourceDate "2005.11.24"]
[SourceVersion "1"]
[SourceVersionDate "2005.11.24"]
[SourceQuality "1"]

1. e4 e6 2. d4 d5 3. e5 c5 4. c3 Nc6 5. Nf3 Qb6 6. Be2 Nge7 7. b3 cxd4 8. cxd4 Nf5 9. Bb2 Bb4+ 10. Kf1 Bd7 11. g3 0-0 12. Kg2 Rac8 13. Rf1 a6 14. g4 Nh6 15. h3 f6 16. exf6 Rxf6 17. g5 Rxf3 18. Bxf3 Nf5 19. Bg4 Qc7 20. Bxf5 exf5 21. Qf3 Re8 22. Nc3 Bxc3 23. Bxc3 Re4 24. Rfe1 Ne7 25. Bd2 Ng6 26. Kh1 Rxd4 27. Qc3 Qxc3 28. Bxc3 Rd3 29. Re3 Rxe3 30. fxe3 Bc6 31. Kg1 f4 32. Kf2 Kf7 33. Bd4 fxe3+ 34. Kxe3 Nh4 35. Rf1+ Kg6 36. Kf4 Nf5 37. Bc5 d4 38. Ke5 Ng3 39. Re1 d3 40. Rd1 Kxg5 41. Rg1 d2 42. Rxg3+ 1-0

[Event "Wuerzburg op 13th"]
[Site "Wuerzburg"]
[Date "1997.??.??"]
[Round "7"]
[White "Marian, Marc"]
[Black "Lorenz, Oda"]
[Result "1/2-1/2"]
[WhiteElo "2065"]
[BlackElo "1760"]
[PlyCount "117"]
[EventDate "1997.05.??"]
[EventType "swiss"]
[EventRounds "7"]
[EventCountry "GER"]
[SourceTitle "CBM 058 Extra"]
[Source "ChessBase"]
[SourceDate "1997.07.29"]
[SourceVersion "1"]
[SourceVersionDate "1997.07.29"]
[SourceQuality "1"]

1. e4 e5 2. Nc3 Nf6 3. f4 d5 4. fxe5 Nxe4 5. Qe2 Qh4+ 6. g3 Nxg3 7. Qf2 Nf5 8. Qxh4 Nxh4 9. Nxd5 Bf5 10. d3 Kd7 11. Bh3 Bxh3 12. Nxh3 Nf3+ 13. Ke2 Nd4+ 14. Kd1 c6 15. Nc3 Be7 16. Ne4 Na6 17. c3 Ne6 18. Be3 Nac5 19. Nhf2 Rad8 20. Ke2 Kc7 21. Rad1 Nd7 22. d4 f5 23. exf6 Nxf6 24. Nxf6 Bxf6 25. Ng4 Bg5 26. Rhf1 Rhf8 27. Bxg5 Nxg5 28. Ne3 Ne4 29. Rf3 Rxf3 30. Kxf3 Re8 31. Rg1 g6 32. Rg2 Nd6 33. Rg4 Rf8+ 34. Rf4 Rxf4+ 35. Kxf4 Nf7 36. Ng4 Kd6 37. c4 Ke6 38. Ne3 h5 39. h4 Kf6 40. b3 g5+ 41. hxg5+ Nxg5 42. Nf5 Nh3+ 43. Ke4 Nf2+ 44. Kf4 Nd3+ 45. Ke4 Nc1 46. d5 cxd5+ 47. cxd5 Nxa2 48. d6 Ke6 49. Kd4 Nb4 50. Ng7+ Kxd6 51. Nxh5 b5 52. Nf6 Nc6+ 53. Kc3 a5 54. Ne4+ Ke5 55. Nc5 Kd5 56. Nb7 b4+ 57. Kd3 Ke5 58. Kc4 Ke4 59. Nxa5 1/2-1/2

[Event "Augsburg Afro op"]
[Site "Augsburg"]
[Date "1997.??.??"]
[Round "7"]
[White "Marian, Marc"]
[Black "Rossmanith, Alexander"]
[Result "1/2-1/2"]
[WhiteElo "2065"]
[BlackElo "1935"]
[PlyCount "20"]
[EventDate "1997.??.??"]
[EventType "swiss"]
[EventRounds "7"]
[EventCountry "GER"]
[SourceTitle "EXT 2006"]
[Source "ChessBase"]
[SourceDate "2005.11.24"]
[SourceVersion "1"]
[SourceVersionDate "2005.11.24"]
[SourceQuality "1"]

1. d4 f5 2. c4 g6 3. g3 Nf6 4. Bg2 Bg7 5. Nc3 0-0 6. e4 fxe4 7. Nxe4 d6 8. Ne2 Nc6 9. 0-0 Nxe4 10. Bxe4 e5 1/2-1/2

[Event "Wuerzburg op 13th"]
[Site "Wuerzburg"]
[Date "1997.??.??"]
[Round "4"]
[White "Reitz, Helmut"]
[Black "Marian, Marc"]
[Result "0-1"]
[WhiteElo "1795"]
[BlackElo "2065"]
[PlyCount "78"]
[EventDate "1997.05.??"]
[EventType "swiss"]
[EventRounds "7"]
[EventCountry "GER"]
[SourceTitle "CBM 058 Extra"]
[Source "ChessBase"]
[SourceDate "1997.07.29"]
[SourceVersion "1"]
[SourceVersionDate "1997.07.29"]
[SourceQuality "1"]

1. d4 Nf6 2. c4 e6 3. Nf3 b6 4. a3 Bb7 5. Bg5 Be7 6. Nc3 d5 7. e3 Nbd7 8. Rc1 0-0 9. Bd3 c5 10. 0-0 Rc8 11. Qe2 dxc4 12. Bxc4 Ne4 13. Nxe4 Bxe4 14. Bf4 cxd4 15. exd4 Nf6 16. Rfd1 Bb7 17. Ng5 Nd5 18. Nh3 Qd7 19. Bb5 Bc6 20. Bd3 Ba4 21. Rxc8 Rxc8 22. Re1 Nxf4 23. Nxf4 Bb3 24. Bxh7+ Kxh7 25. Qd3+ g6 26. Qxb3 Qxd4 27. g3 Qc4 28. Qf3 Kg7 29. Nd3 Qc6 30. Qf4 Bf6 31. h4 Qd5 32. Re3 Bxb2 33. Rf3 e5 34. Qf6+ Kh6 35. Qg5+ Kg7 36. Nxb2 Qxf3 37. Qxe5+ Kg8 38. Nc4 Rxc4 39. Qe8+ Kh7 0-1

[Event "Regionalliga SO 9596"]
[Site "Bayern"]
[Date "1996.04.21"]
[Round "8"]
[White "Marian, Marc"]
[Black "Velicka, Petr"]
[Result "1/2-1/2"]
[WhiteElo "2050"]
[BlackElo "2400"]
[PlyCount "24"]
[EventDate "1995.10.15"]
[EventType "team-tourn"]
[EventRounds "9"]
[EventCountry "GER"]
[SourceTitle "EXT 1999"]
[Source "ChessBase"]
[SourceDate "1998.11.16"]
[SourceVersion "1"]
[SourceVersionDate "1998.11.16"]
[SourceQuality "1"]
[WhiteTeam "Unterpfaff Germering"]
[BlackTeam "Passau II"]
[WhiteTeamCountry "GER"]
[BlackTeamCountry "GER"]

1. d4 d5 2. c4 c6 3. Nc3 Nf6 4. e3 e6 5. Nf3 Nbd7 6. Bd3 Bd6 7. 0-0 0-0 8. Re1 dxc4 9. Bxc4 e5 10. e4 exd4 11. Nxd4 Nb6 12. Bb3 Bc5 1/2-1/2